[Event "Unterfranken-ch HA 51th"]
[Site "Sailauf"]
[Date "2000.04.25"]
[Round "3"]
[White "Seiferling, Felix"]
[Black "Sittinger, Lutz"]
[Result "0-1"]
[WhiteElo "941"]
[BlackElo "1598"]
[PlyCount "54"]
[EventDate "2000.04.24"]
[EventType "swiss"]
[EventRounds "9"]
[EventCountry "GER"]
[SourceTitle "EXT 2015"]
[Source "ChessBase"]
[SourceDate "2014.11.20"]
[SourceVersion "1"]
[SourceVersionDate "2014.11.20"]
[SourceQuality "1"]

1. e4 e5 2. Nf3 Nc6 3. Bc4 Bc5 4. d3 Nf6 5. Nc3 0-0 6. 0-0 h6 7. Be3 Bxe3 8. fxe3 d6 9. Bd5 Nxd5 10. Nxd5 Bg4 11. d4 Ne7 12. dxe5 dxe5 13. Qd3 Ng6 14. Nd2 c6 15. Nc3 Qxd3 16. cxd3 Rfd8 17. d4 exd4 18. Ne2 Bxe2 19. Rfe1 d3 20. Nf3 Bxf3 21. gxf3 d2 22. Red1 Ne5 23. f4 Nc4 24. b3 Nxe3 25. Rdb1 d1Q+ 26. Kf2 Rd2+ 27. Kxe3 Qe2# 0-1